Statistics for Name that Country

Click here to take the quiz!

General Stats

  • This quiz has been taken 221 times
  • The average score is 10 of 15

Answer Stats

Hint Answer % Correct
Athens is the CapitalGreece
98%
The largest city is ShanghaiChina
96%
Ottawa is the capitalCanada
96%
Is the worlds largest NationRussia
95%
Is shaped like a bootItaly
94%
St Patrick Got rid of all the snakesIreland
92%
Fran├žois Hollande is the PresidentFrance
91%
The currency is PesoMexico
87%
Was found by the VikingsIceland
77%
Benjamin Netanyahu is the prime ministerIsrael
65%
Has won the African cup of nations '7' timesEgypt
47%
Danube is the countries largest riverBulgaria
35%
Om Noi is the 2nd smallest cityThailand
30%
The national flower is Tecoma chrysostrichaBrazil
26%
Blue, yellow and red is in the National flagMoldova
16%

Score Distribution

Percentile by Number Answered

Percent of People with Each Score

Your Score History

You have not taken this quiz